000 00704nam a2200253Ia 4500
003 OSt
005 20221007110653.0
006 a|||||r|||| 00| 0
007 ta
008 221006b |||||||| |||| 00| 0 eng d
020 _a853080240
024 _a21,592
037 _cTextual
040 _aLCO
_cLCO
_beng
041 _2eng
_aeng
082 _aX:97qN71, L2
100 _aPardoe Alan
_9707749
245 0 _aPractical Guide for Employer & Employee to the Industrial Relations Act 1971
260 _aLondon
_bJordan & Sons Limited U.K.
_c1972
300 _a319
650 _aINDUSTRIAL RELATIONS
942 _hX:97qN71, L2
_cTEXL
999 _c1191155
_d1191155